Manual para el maestro innovador / (Record no. 15892)

000 -CABECERA
fixed length control field 00659nam a22001937a 4500
003 - IDENTIFICADOR DEL NÚMERO DE CONTROL
control field AR-CdUCM
008 - DATOS DE LONGITUD FIJA--INFORMACIÓN GENERAL
fixed length control field 190430b ||||| |||| 00| 0 spa d
040 ## - FUENTE DE LA CATALOGACIÓN
Agencia/entidad que catalogó originalmente la obra MUNICIPALIDAD PROVINCIAL DEL CUSCO
Entidad que transcribió la catalogación BIBLIOTECA MUNICIPAL DEL CUSCO
082 ## - NÚMERO DE LA CLASIFICACIÓN DECIMAL DEWEY
No. de Clasificación C / 370 /
Notacion interna E78
100 ## - ENTRADA PRINCIPAL--NOMBRE DE PERSONA
Nombre Personal Escalante Pacco, Giraldo Daniel
245 ## - MENCIÓN DE TÍTULO
Título Manual para el maestro innovador /
260 ## - PUBLICACIÓN, DISTRIBUCIÓN, ETC.
Lugar de publicación, distribución, etc. Cusco :
Nombre de la editorial, distribuidor, etc. Paradigmas educativos,
Fecha de publicación, distribución, etc. 2007.
300 ## - DESCRIPCIÓN FÍSICA
Nº de Páginas Extensión 116 páginas ;
Dimensiones 20 cm.
505 ## - NOTA DE CONTENIDO CON FORMATO
Nota de contenido formateada Paradigmas educativos mundiales -- Paradigmas educativos nacionales --
650 ## - PUNTO DE ACCESO ADICIONAL DE MATERIA--TÉRMINO DE MATERIA
Descriptor Educación.
9 (RLIN) 460
650 ## - PUNTO DE ACCESO ADICIONAL DE MATERIA--TÉRMINO DE MATERIA
Descriptor Paradigmas educativos.
9 (RLIN) 35098
942 ## - ELEMENTOS DE PUNTO DE ACCESO ADICIONAL (KOHA)
Fuente de clasificación
Tipo de item Libros-BMC
945 ## - PROCESAMIENTO DE INFORMACIÓN LOCAL (OCLC)
Catalogador wfj
Holdings
Estado de retiro (separado) Fuente de clasificación o esquema de estanterías Estado dañado Ubicación Sala donde se ubica Nombre de la colección Fecha de adquisición o compra Costo, precio normal en soles Signatura topográfica Código de Barras Última vez visto (Koha) Tipo de ítem (Koha)
No     Sala Cusco Antiguo Sala Cusco Antiguo Book Cart 2019-04-30 20.00 C / 370 / E78 SCA0003729 2019-04-30 Libros-BMC
No     Sala Cusco Antiguo Sala Cusco Antiguo Book Cart 2019-04-30 20.00 C / 370 / E78 / e.2 SCA0003730 2019-04-30 Libros-BMC

Powered by Koha